Kliknij obwody Ukrainy na mapie - Statystyki

Ogólne statystyki
  • Ten quiz został rozwiązany 159 razy
  • Średni wynik to 18 z 27
Odpowiedzi na mapie
Odpowiedzi zakodowano w zielono-czerwonej skali na mapie do tego quizu, zgodnie z poniższymi procentami.
 
Statystyki odpowiedzi
Odpowiedź % Poprawnych
Autonomiczna Republika Krymu
92%
Obwód kijowski
92%
Obwód lwowski
88%
Kijów
87%
Obwód odeski
80%
Obwód zakarpacki
79%
Sewastopol
79%
Obwód ługański
77%
Obwód charkowski
75%
Obwód wołyński
75%
Obwód doniecki
68%
Obwód sumski
65%
Obwód chersoński
63%
Obwód dniepropietrowski
63%
Obwód iwanofrankiwski
63%
Obwód czernihowski
59%
Obwód chmielnicki
57%
Obwód mikołajowski
55%
Obwód kirowohradzki
52%
Obwód zaporoski
52%
Obwód żytomierski
52%
Obwód tarnopolski
51%
Obwód rówieński
48%
Obwód czerkaski
47%
Obwód winnicki
47%
Obwód połtawski
45%
Obwód czerniowiecki
44%
Nie znaleziono quizów pasujących do podanych kryteriów
Rozkład punktacji
Procent ludzi z każdym wynikiem
Percentyl według liczby udzielonych odpowiedzi
Twoja historia wyników
Nie rozwiązałeś tego quizu